[Event "9th Batavia Blitz 2017"]
[Site "masterchessopen.com Amsterdam NED"]
[Date "2017.02.23"]
[Round "5.5"]
[White "Lobron,E"]
[Black "Baron,Ta"]
[Result "1-0"]
[WhiteElo "2528"]
[BlackElo "2544"]

1.d4 Nf6 2.Nf3 d5 3.c4 e6 4.Nc3 dxc4 5.e3 a6 6.Bxc4 b5 7.Be2 Bb7 8.O-O Nbd7
9.b3 c5 10.Bb2 Bd6 11.dxc5 Nxc5 12.b4 Nce4 13.Nxe4 Bxe4 14.Bxf6 gxf6 15.Qd4
Bd5 16.a4 Ke7 17.axb5 axb5 18.Rxa8 Qxa8 19.Ra1 Qc6 20.Ra7+ Bc7 21.e4 Bc4
22.Bxc4 bxc4 23.b5 Qd6 24.Qxc4 Rc8 25.g3 Kf8 26.Kg2 Kg7 27.Rb7 h6 28.b6 {#r}
1-0

[Event "9th Batavia Blitz 2017"]
[Site "masterchessopen.com Amsterdam NED"]
[Date "2017.02.23"]
[Round "6.1"]
[White "Brink,B"]
[Black "Leenhouts,K"]
[Result "0-1"]
[WhiteElo "2309"]
[BlackElo "2487"]

1.d4 Nf6 2.Bf4 c5 3.d5 g6 4.Nc3 Bg7 5.e4 d6 6.h3 O-O 7.Nf3 Qb6 8.Bc4 Qxb2
9.Bd2 Nxe4 10.Nxe4 Qxa1 11.Bc1 Bf5 12.Bd3 c4 {#R} 0-1

[Event "9th Batavia Blitz 2017"]
[Site "masterchessopen.com Amsterdam NED"]
[Date "2017.02.23"]
[Round "6.2"]
[White "Timmermans,M"]
[Black "Lobron,E"]
[Result "0-1"]
[WhiteElo "2415"]
[BlackElo "2528"]

1.b4 e5 2.Bb2 d6 3.e3 Nf6 4.c4 Be7 5.a4 O-O 6.b5 Re8 7.Nf3 Bf8 8.Be2 e4 9.Nd4
Nbd7 10.O-O Nc5 11.Nc3 g6 12.Qc2 Bg7 13.Nb3 Bf5 14.Rad1 Nfd7 15.Nxc5 Nxc5
16.Nd5 Bxb2 17.Qxb2 Re5 18.a5 c6 19.Nf4 Qxa5 20.bxc6 bxc6 21.Qd4 Qc7 22.f3 Ne6
23.Nxe6 Rxe6 24.g4 exf3 25.Bxf3 Bc2 26.Rc1 Ba4 27.Qf4 Rb8 28.Rf2 Rb4 29.d4 Qe7
30.e4 Rf6 31.Qe3 Rb3 32.Rc3 Rxc3 33.Qxc3 c5 34.e5 dxe5 35.dxe5 Rf4 36.h3 Bd7
37.Qe3 Rd4 38.Bd5 Be6 39.Qf3 a5 40.Bxe6 Qxe6 41.Qa8+ Kg7 42.Qxa5 Qxe5 43.Kg2
Qe4+ 44.Kh2 Qe5+ 45.Kg2 Rd3 46.Rf3 Qe4 {#R} 0-1

[Event "9th Batavia Blitz 2017"]
[Site "masterchessopen.com Amsterdam NED"]
[Date "2017.02.23"]
[Round "6.3"]
[White "Fier,A"]
[Black "Cheng,Bo"]
[Result "1-0"]
[WhiteElo "2581"]
[BlackElo "2453"]

1.d4 e6 2.c4 b6 3.e4 Bb7 4.Bd3 Bb4+ 5.Bd2 Bxd2+ 6.Qxd2 f5 7.Nc3 fxe4 8.Bxe4
Bxe4 9.Nxe4 Nf6 10.Nc3 O-O 11.Nf3 Nc6 12.O-O d5 13.Rfe1 Qd6 14.cxd5 Nxd5
15.Nxd5 Qxd5 16.Qe3 Rf6 17.Rac1 Raf8 18.Qe4 Rxf3 19.Qxd5 exd5 20.gxf3 Nxd4
21.Re7 c5 22.Kg2 Nxf3 23.Rxa7 d4 24.b4 d3 25.bxc5 d2 26.Rd1 bxc5 27.Rc7 Rf5
28.a4 Ne1+ 29.Kf1 Nf3 30.Ke2 Nd4+ 31.Kxd2 Rxf2+ 32.Kd3 Ra2 33.Rb1 h6 34.Rbb7
Ra3+ 35.Kc4 Rxa4+ 36.Kd5 Nf5 37.Ke5 Ne3 38.Rxg7+ Kf8 39.Rgc7 Ng4+ 40.Kf5 Ne3+
41.Kg6 Rg4+ 42.Kh7 Re4 43.Rg7 {#r} 1-0

[Event "9th Batavia Blitz 2017"]
[Site "masterchessopen.com Amsterdam NED"]
[Date "2017.02.23"]
[Round "6.4"]
[White "Beerdsen,Thomas"]
[Black "Lai,Hing Ting"]
[Result "1-0"]
[WhiteElo "2422"]
[BlackElo "2392"]

1.e4 c6 2.d4 d5 3.f3 dxe4 4.fxe4 e5 5.Nf3 Bg4 6.Bc4 Nd7 7.O-O Ngf6 8.c3 Bh5
9.Kh1 Bd6 10.Bg5 O-O 11.Nbd2 Qc7 12.Qe1 Rfe8 13.Qh4 Bg6 14.Rae1 b5 15.Bb3 c5
16.dxc5 Bxc5 17.Qg3 Bf8 18.Nh4 Kh8 19.Rf3 Qd6 20.Ref1 Be7 21.Rd3 Qc7 22.Nf5
Nh5 23.Qg4 Bxg5 24.Qxg5 f6 25.Qg4 Nc5 26.Rh3 Rad8 27.Bd5 Bxf5 28.Rxf5 {#r} 1-0

[Event "9th Batavia Blitz 2017"]
[Site "masterchessopen.com Amsterdam NED"]
[Date "2017.02.23"]
[Round "7.1"]
[White "Lai,Hing Ting"]
[Black "Brink,B"]
[Result "1-0"]
[WhiteElo "2392"]
[BlackElo "2309"]

1.d4 Nf6 2.Nc3 d5 3.Bf4 a6 4.e3 Bf5 5.Bd3 Bxd3 6.Qxd3 e6 7.O-O-O Bd6 8.Nf3 O-O
9.Ne5 Qe7 10.Bg5 Nbd7 11.f4 c5 12.Nxd7 Qxd7 13.Bxf6 gxf6 14.dxc5 Bxc5 15.e4 d4
16.e5 f5 17.g4 Kh8 18.gxf5 exf5 19.Ne2 Qd5 20.Kb1 Qe4 21.Ng3 Qxf4 22.Rhf1 Qg4
23.Nxf5 Rae8 24.Rg1 Qh5 25.Ng7 Qxe5 26.Nxe8 Rxe8 27.Rdf1 Qe3 28.Qf5 {#r} 1-0

[Event "9th Batavia Blitz 2017"]
[Site "masterchessopen.com Amsterdam NED"]
[Date "2017.02.23"]
[Round "7.2"]
[White "Cheng,Bo"]
[Black "Beerdsen,Thomas"]
[Result "1-0"]
[WhiteElo "2453"]
[BlackElo "2422"]

1.Nf3 Nf6 2.g3 b5 3.Bg2 Bb7 4.Na3 a6 5.c4 b4 6.Nc2 c5 7.O-O e6 8.d4 cxd4
9.Ncxd4 Be7 10.a3 O-O 11.axb4 Bxb4 12.Qb3 a5 13.Nc2 Na6 14.Nxb4 axb4 15.Be3
Qe7 16.Rfd1 d5 17.Ne5 dxc4 18.Qxc4 Bxg2 19.Kxg2 Nd5 20.Rxa6 Qb7 21.Rc6 Rac8
22.Qa6 Qb8 23.Nd7 Rxc6 24.Qxc6 Qd8 25.Bc5 Re8 26.e4 Nc7 27.Bb6 Qa8 28.Qxc7
Qxe4+ 29.Kg1 h5 30.Nc5 Qf3 31.Qd7 Rb8 32.Bc7 Ra8 33.Qd3 Qg4 34.Qd4 Qf3 35.Qd3
Qg4 36.Kg2 Rc8 37.Bb6 h4 38.h3 Qg5 39.g4 Rb8 40.Ba7 Ra8 41.Bb6 Rb8 42.Qd6 Rc8
43.Rd3 Qg6 44.Qd4 Rb8 45.Ba7 Ra8 46.Bb6 Rb8 47.Nd7 Rc8 48.Ne5 Qf6 49.Rf3 {#r}
1-0

[Event "9th Batavia Blitz 2017"]
[Site "masterchessopen.com Amsterdam NED"]
[Date "2017.02.23"]
[Round "7.5"]
[White "Leenhouts,K"]
[Black "Baron,Ta"]
[Result "1-0"]
[WhiteElo "2487"]
[BlackElo "2544"]

1.d4 Nf6 2.c4 g6 3.Nc3 d5 4.cxd5 Nxd5 5.e4 Nxc3 6.bxc3 Bg7 7.Qa4+ Qd7 8.Bb5 c6
9.Be2 c5 10.Qxd7+ Bxd7 11.Be3 Bc6 12.Bf3 Nd7 13.e5 Rc8 14.Bxc6 bxc6 15.Ne2
cxd4 16.cxd4 c5 17.dxc5 Nxe5 18.O-O Ng4 19.Bd4 e5 20.Bb2 Rxc5 21.Rac1 Rxc1
22.Rxc1 Kd7 23.h3 Nh6 24.Rd1+ Ke6 25.Nf4+ Kf5 26.Nd5 Rb8 27.g4+ Ke6 28.Nc7+
Kf6 29.Bc1 Ng8 30.Nd5+ Ke6 31.Nc7+ Ke7 32.Ba3+ Kf6 33.h4 Bf8 34.Bxf8 Rxf8
35.Rd7 Rb8 36.g5+ Kf5 37.Rxf7+ Kg4 38.Rxh7 e4 39.Nd5 Rb2 40.Kg2 Rxa2 41.Ne3+
Kf4 42.Rf7+ Ke5 43.Rg7 Nf6 44.Re7+ {#r} 1-0

[Event "9th Batavia Blitz 2017"]
[Site "masterchessopen.com Amsterdam NED"]
[Date "2017.02.23"]
[Round "8.1"]
[White "Timmermans,M"]
[Black "Leenhouts,K"]
[Result "0-1"]
[WhiteElo "2415"]
[BlackElo "2487"]

1.b4 d5 2.Bb2 Nf6 3.e3 e6 4.b5 c6 5.c4 dxc4 6.Bxc4 cxb5 7.Bxb5+ Bd7 8.Be2 Bc6
9.Nf3 Bd6 10.O-O Nbd7 11.d4 O-O 12.Nbd2 Rc8 13.a4 Ne4 14.Nc4 Bb8 15.Bd3 Bd5
16.Rc1 Ndf6 17.Nce5 Qa5 18.Rxc8 Rxc8 19.Qa1 Nd2 20.Rc1 Nxf3+ 21.gxf3 Rxc1+
22.Qxc1 Qc7 23.Qd1 Nd7 24.Bb5 Nxe5 25.dxe5 a6 26.Bf1 g5 27.e4 Bc6 28.Qd2 h6
29.h4 Qe7 30.a5 Kg7 31.h5 Ba7 32.Qc3 Qd7 33.Qd3 Qc7 34.Qd2 Qe7 35.Bc1 Qc5
36.f4 Bxe4 37.fxg5 Qd4 38.gxh6+ Kh7 39.Qg5 Qxf2# 0-1

[Event "9th Batavia Blitz 2017"]
[Site "masterchessopen.com Amsterdam NED"]
[Date "2017.02.23"]
[Round "8.4"]
[White "Lai,Hing Ting"]
[Black "Cheng,Bo"]
[Result "0-1"]
[WhiteElo "2392"]
[BlackElo "2453"]

1.Nf3 Nf6 2.g3 b5 3.Bg2 Bb7 4.O-O e6 5.d3 d5 6.Nbd2 c5 7.e4 Be7 8.a4 a6 9.Qe2
O-O 10.b3 Nc6 11.Bb2 Qb6 12.e5 Nd7 13.h4 Rac8 14.g4 Nd4 15.Nxd4 cxd4 16.Nf3
Bc5 17.Qd2 Qc7 18.Rfe1 Bb6 19.Re2 Qd8 20.axb5 axb5 21.g5 Ra8 22.Nxd4 Rxa1+
23.Bxa1 Qa8 24.Qe1 b4 25.h5 Rc8 26.Nb5 Bc5 27.Nd6 Bxd6 28.exd6 d4 29.Bxb7 Qxb7
30.Bxd4 Qd5 31.Be3 Qxd6 32.Bd2 Rxc2 33.Bxb4 Rxe2 34.Qxe2 Qxb4 35.Kg2 Qxb3
36.f4 Qd5+ 37.Kf2 Nc5 38.Qe3 Nxd3+ 39.Ke2 Nc5 40.Qc3 Qe4+ {#R} 0-1

[Event "9th Batavia Blitz 2017"]
[Site "masterchessopen.com Amsterdam NED"]
[Date "2017.02.23"]
[Round "8.5"]
[White "Brink,B"]
[Black "Baron,Ta"]
[Result "0-1"]
[WhiteElo "2309"]
[BlackElo "2544"]

1.d4 Nf6 2.c4 g6 3.Nf3 Bg7 4.Nc3 d5 5.Bg5 Ne4 6.Bh4 Nxc3 7.bxc3 dxc4 8.e3 b5
9.a4 c6 10.Qb1 a6 11.Be2 Nd7 12.O-O Nb6 13.axb5 cxb5 14.Ne5 f6 15.Nxg6 hxg6
16.Qxg6+ Kf8 17.Bh5 Be6 {#R} 0-1

[Event "9th Batavia Blitz 2017"]
[Site "masterchessopen.com Amsterdam NED"]
[Date "2017.02.23"]
[Round "9.1"]
[White "Cheng,Bo"]
[Black "Brink,B"]
[Result "1-0"]
[WhiteElo "2453"]
[BlackElo "2309"]

1.Nf3 Nf6 2.g3 d5 3.Bg2 c6 4.c4 dxc4 5.O-O Nbd7 6.Na3 e5 7.Nxc4 Qc7 8.d3 Be7
9.Bd2 Nd5 10.Rc1 O-O 11.e4 N5b6 12.Ne3 Nc5 13.Bc3 f6 14.Qc2 Be6 15.d4 exd4
16.Nxd4 Bf7 17.Ndf5 Ne6 18.Kh1 Rfd8 19.Nxe7+ Qxe7 20.Nf5 Qc7 21.Qe2 Rd7 22.b3
Rad8 23.Qg4 Kh8 24.Rfe1 Bg6 25.e5 Bxf5 26.Qxf5 {#r} 1-0

[Event "9th Batavia Blitz 2017"]
[Site "masterchessopen.com Amsterdam NED"]
[Date "2017.02.23"]
[Round "9.3"]
[White "Van Foreest,Lucas"]
[Black "Beerdsen,Thomas"]
[Result "0-1"]
[WhiteElo "2453"]
[BlackElo "2422"]

1.f3 d5 2.e3 c5 3.Ne2 Nc6 4.g3 h5 5.Bg2 h4 6.d3 Nf6 7.b3 Ne5 8.Bb2 h3 9.Bxe5
hxg2 10.Rg1 Rxh2 11.Kf2 Nd7 12.Bb2 b6 13.Nd2 Bb7 14.Rxg2 Rxg2+ 15.Kxg2 Qc7
16.Qh1 O-O-O 17.Qh3 e6 18.Rd1 Kb8 19.f4 d4+ 20.e4 f5 21.Kg1 Nf6 22.Re1 Qc6
23.Qg2 Be7 24.b4 fxe4 25.Nxe4 Nxe4 26.Qxe4 Qc7 27.Qxe6 Rh8 28.Kf1 Bd6 29.bxc5
bxc5 30.Bc1 Qc6 31.Qe4 Qd7 32.f5 Bxe4 33.dxe4 Rh1+ 34.Ng1 Bxg3 35.Kg2 Bxe1
36.Bf4+ Kb7 37.Kxh1 Qc6 {#R} 0-1

[Event "9th Batavia Blitz 2017"]
[Site "masterchessopen.com Amsterdam NED"]
[Date "2017.02.23"]
[Round "9.4"]
[White "Leenhouts,K"]
[Black "Fier,A"]
[Result "0-1"]
[WhiteElo "2487"]
[BlackElo "2581"]

1.d4 Nf6 2.Nf3 g6 3.Bf4 Bg7 4.e3 d6 5.h3 O-O 6.Be2 b6 7.O-O Bb7 8.Bh2 Nbd7
9.Nbd2 Qe8 10.c3 e5 11.dxe5 dxe5 12.Qc2 Qe7 13.Rfd1 a6 14.Nc4 Ne4 15.b4 f5
16.Rxd7 Qxd7 17.Ncxe5 Qe7 18.Rd1 Nd6 19.Qb3+ Kh8 20.Bf4 Rae8 21.Bg5 Qe6
22.Qxe6 Rxe6 23.Nd7 Rf7 24.Nc5 bxc5 25.bxc5 Ne4 26.Bc4 Nxc5 27.Nd4 Rd7 28.Bxe6
Nxe6 29.Rb1 Nxd4 30.cxd4 c6 31.Bf4 Kg8 32.a4 Bf8 33.a5 c5 34.Be5 c4 35.Kf1 Kf7
36.f3 Bd5 37.Ke2 Rb7 38.Rb6 Rxb6 39.axb6 a5 40.Kd1 a4 41.Kc2 Bb4 {#R} 0-1

[Event "16th Rochefort Open 2017"]
[Site "masterchessopen.com Rochefort FRA"]
[Date "2017.02.23"]
[Round "8.2"]
[White "Maiorov,N1"]
[Black "Enchev,I"]
[Result "1-0"]
[WhiteElo "2511"]
[BlackElo "2464"]

1.d4 Nf6 2.c4 e6 3.Nc3 Bb4 4.Qc2 d5 5.cxd5 exd5 6.Bg5 h6 7.Bh4 c5 8.dxc5 Be6
9.e3 Nbd7 10.Bd3 Rc8 11.Ne2 O-O 12.O-O Nxc5 13.Rfd1 Nxd3 14.Qxd3 Rc4 15.e4
Bxc3 16.Nxc3 g5 17.Bg3 Qc8 18.exd5 Rd8 19.d6 Qc6 20.Re1 Re8 21.Re3 b5 22.b3
Rc5 23.f3 Bf5 24.Ne4 Bxe4 25.fxe4 Rxe4 26.Rxe4 Nxe4 27.Rd1 Rc1 28.d7 Qb6+
29.Kh1 Rxd1+ 30.Qxd1 Nxg3+ 31.hxg3 Qd8 32.Qd6 a5 33.Qc6 {#r} 1-0

[Event "16th Rochefort Open 2017"]
[Site "masterchessopen.com Rochefort FRA"]
[Date "2017.02.23"]
[Round "8.5"]
[White "Eden,J"]
[Black "Cornette,M"]
[Result "0-1"]
[WhiteElo "2358"]
[BlackElo "2593"]

1.e4 c5 2.c3 Nf6 3.e5 Nd5 4.d4 cxd4 5.Nf3 Nc6 6.cxd4 g6 7.Qb3 e6 8.Nc3 Nxc3
9.bxc3 b6 10.Be2 Bb7 11.O-O Rc8 12.Bg5 Be7 13.Bxe7 Qxe7 14.a4 Na5 15.Qb4 Bxf3
16.Bxf3 Qxb4 17.cxb4 Nb3 18.Rad1 Rc4 19.d5 Rxb4 20.Rb1 a5 21.dxe6 fxe6 22.Rfd1
Ke7 23.Be2 Rc8 24.Rd6 Nd4 {#R} 0-1

[Event "16th Rochefort Open 2017"]
[Site "masterchessopen.com Rochefort FRA"]
[Date "2017.02.23"]
[Round "8.8"]
[White "Stets,D"]
[Black "Giacomini,H"]
[Result "1-0"]
[WhiteElo "2415"]
[BlackElo "2257"]

1.e4 c6 2.d4 d5 3.exd5 cxd5 4.c4 Nf6 5.Nc3 e6 6.Nf3 Be7 7.cxd5 Nxd5 8.Bd3 O-O
9.O-O Nc6 10.Re1 Bf6 11.Be4 Nce7 12.h4 Bd7 13.Qd3 h6 14.Ng5 g6 15.Nf3 h5
16.Bh6 Re8 17.Ne5 Bxe5 18.dxe5 Nxc3 19.Qxc3 Bc6 20.Rad1 Qb6 21.Rd6 Qb5 22.Bb1
Kh7 23.Bg5 Rac8 24.Qd2 Bd5 25.Bxe7 Rxe7 26.Qg5 Rec7 27.Qxh5+ Kg7 28.Qg5 Qb4
29.Rd1 Rc4 30.Bxg6 {#r} 1-0

[Event "33rd Cappelle Open 2017"]
[Site "masterchessopen.com Cappelle la Grande FRA"]
[Date "2017.02.23"]
[Round "7.2"]
[White "Albets Armengol,R"]
[Black "Zachary,Matheo"]
[Result "1-0"]
[WhiteElo "2209"]
[BlackElo "2147"]

1.d4 d5 2.c4 c6 3.Nf3 Nf6 4.Qc2 dxc4 5.Qxc4 Bg4 6.Nbd2 Nbd7 7.g3 e6 8.Bg2 Be7
9.O-O O-O 10.b3 Rc8 11.Bb2 c5 12.Rac1 cxd4 13.Qxd4 Bc5 14.Qa4 Bh5 15.Ne4 Nb6
16.Bxf6 Qd5 17.Rxc5 Rxc5 18.Qd4 Qxd4 19.Bxd4 Rc2 20.a4 Rxe2 21.Nc5 Rb8 22.a5
Nd5 23.Nd7 Rd8 24.Nde5 Ra2 25.Nc4 b5 26.axb6 Nxb6 27.Be3 Nd5 28.Bd2 Nb6 29.Ba5
Rb8 30.Bxb6 axb6 31.Nd4 Be2 32.Nxe2 Rxe2 33.Rd1 Rc2 34.Bf1 Rc3 35.Rb1 g6 36.b4
Kg7 37.b5 Kf8 38.Ra1 Rb7 39.Ra6 Rc1 40.Kg2 Rd7 41.Rxb6 Rdd1 42.Ra6 {#r} 1-0

[Event "33rd Cappelle Open 2017"]
[Site "masterchessopen.com Cappelle la Grande FRA"]
[Date "2017.02.23"]
[Round "7.5"]
[White "Lebret,JM"]
[Black "Dgebuadze,A"]
[Result "0-1"]
[WhiteElo "2067"]
[BlackElo "2511"]

1.e4 e6 2.d4 d5 3.e5 c5 4.c3 Nc6 5.Nf3 Nge7 6.Bd3 cxd4 7.cxd4 Nf5 8.Be3 Qb6
9.Qd2 Bd7 10.Bxf5 exf5 11.Nc3 Be6 12.h4 Na5 13.O-O Nc4 14.Qe2 Rc8 15.Na4 Qc6
16.b3 Nxe3 17.Qxe3 Ba3 18.Rad1 O-O 19.Rd3 Qc2 20.Nc3 f4 21.Qd2 Qxd2 22.Nxd2
Bb4 23.Ndb1 h6 24.a3 Be7 25.Ne2 g5 26.hxg5 hxg5 27.Rc3 Rxc3 28.Nbxc3 Bxa3
29.Ra1 Bb4 30.Rxa7 Rc8 31.Na2 Bd2 32.Rxb7 Rc2 33.Ra7 Bg4 34.f3 Bf5 35.Kh2 Be1
36.Nac1 Bg3+ 37.Kg1 Rd2 38.Nc3 Bf2+ 39.Kf1 Bxd4 40.Ra8+ Kg7 41.N3e2 {#R} 0-1

[Event "33rd Cappelle Open 2017"]
[Site "masterchessopen.com Cappelle la Grande FRA"]
[Date "2017.02.23"]
[Round "7.8"]
[White "Szylar,E"]
[Black "Duverne,J"]
[Result "1-0"]
[WhiteElo "2026"]
[BlackElo "2127"]

1.e4 e6 2.d4 d5 3.Nd2 Nf6 4.e5 Nfd7 5.Bd3 c5 6.c3 Nc6 7.Ne2 cxd4 8.cxd4 Qb6
9.Nf3 f6 10.exf6 Nxf6 11.O-O Bd6 12.Nc3 O-O 13.Be3 Bd7 14.Qd2 Ng4 15.h3 Nxe3
16.fxe3 Ne7 17.Ng5 h6 18.Nh7 Rxf1+ 19.Rxf1 e5 20.dxe5 Bxe5 21.Qf2 Be6 22.Qf8+
{#r} 1-0

[Event "3rd Vardaris Open 2017"]
[Site "masterchessopen.com Thessaloniki GRE"]
[Date "2017.02.23"]
[Round "1.1"]
[White "Ioannidis,Ev"]
[Black "Castellanos Rodriguez,R"]
[Result "0-1"]
[WhiteElo "2329"]
[BlackElo "2491"]

1.d4 Nf6 2.c4 e6 3.Nc3 Bb4 4.e3 O-O 5.Bd3 d5 6.Nf3 c5 7.O-O cxd4 8.exd4 dxc4
9.Bxc4 Nbd7 10.Qe2 Nb6 11.Bd3 Bd7 12.Ne5 Bc6 13.Nxc6 bxc6 14.Ne4 Be7 15.Rd1
Nbd5 16.Bg5 Nxe4 17.Qxe4 g6 18.Bxe7 Nxe7 19.Rac1 Rb8 20.b3 Qa5 21.Qh4 Rb7
22.Bb1 Rd7 23.Rd3 Nf5 24.Qe4 Rfd8 25.Qxc6 Rxd4 26.Qc3 Qd5 27.Rxd4 Nxd4 28.Re1
Nb5 29.Qe3 Qd2 30.Kf1 Nc3 31.Qxd2 Rxd2 32.Rc1 {#R} 0-1

[Event "3rd Vardaris Open 2017"]
[Site "masterchessopen.com Thessaloniki GRE"]
[Date "2017.02.23"]
[Round "1.2"]
[White "Antic,De"]
[Black "Giannoulakis,Lampros"]
[Result "1-0"]
[WhiteElo "2471"]
[BlackElo "2328"]

1.d4 Nf6 2.c4 g6 3.Nc3 Bg7 4.e4 d6 5.Nf3 O-O 6.Be2 e5 7.O-O Nc6 8.d5 Ne7 9.b4
Nh5 10.Re1 a5 11.bxa5 f5 12.Nd2 Nf6 13.c5 Rxa5 14.cxd6 cxd6 15.Nc4 Ra6 16.Bg5
Nxe4 17.Nxe4 fxe4 18.Nd2 Ra5 19.Nxe4 Bf5 20.Bf1 Kh8 21.Qd2 Ra4 22.f3 Rd4
23.Qb2 h6 24.Be3 Rxd5 25.Qxb7 Bc8 26.Qb3 Qd7 27.a4 Bb7 28.Bc4 g5 29.Bxd5 Bxd5
30.Qb4 Nf5 31.Bf2 Ba8 32.Rad1 d5 33.Ng3 Qf7 34.a5 Nh4 35.Bc5 Rc8 36.Rc1 d4
37.Bxd4 Rxc1 38.Rxc1 exd4 39.Qb8+ Kh7 40.Qxa8 Qa2 41.Qe4+ Kg8 42.Rc2 Qa1+
43.Kf2 {#r} 1-0

[Event "3rd Vardaris Open 2017"]
[Site "masterchessopen.com Thessaloniki GRE"]
[Date "2017.02.23"]
[Round "1.5"]
[White "Cela,S"]
[Black "Arsovic,G"]
[Result "0-1"]
[WhiteElo "2274"]
[BlackElo "2401"]

1.e4 c5 2.Nf3 d6 3.d4 cxd4 4.Nxd4 Nf6 5.Nc3 a6 6.Be2 e5 7.Nb3 Be7 8.O-O O-O
9.f4 b5 10.a4 b4 11.Nd5 Nxd5 12.Qxd5 Qb6+ 13.Kh1 Bb7 14.Qd3 a5 15.f5 Nd7
16.Be3 Qc6 17.Qd1 Nf6 18.Nd2 d5 19.exd5 Qxd5 20.Bf3 e4 21.Be2 Rac8 22.b3 Bc5
23.Nc4 Bxe3 24.Nxe3 Qc5 25.Nc4 Rcd8 26.Qe1 Bd5 27.Qf2 Qxf2 28.Rxf2 Bxc4
29.Bxc4 Rd4 30.Re2 Re8 31.Rae1 Re5 32.Rf2 Kf8 33.Kg1 Ke7 34.h3 Ne8 35.g4 Nd6
36.Bf1 h5 37.Rfe2 Kf6 38.Kf2 Rc5 39.Bg2 Ke5 40.Kg3 Rc8 41.Kh4 Rh8 42.Re3 hxg4+
43.Kxg4 Rc8 44.R3e2 Rc3 45.Bh1 e3+ {#R} 0-1

[Event "3rd Vardaris Open 2017"]
[Site "masterchessopen.com Thessaloniki GRE"]
[Date "2017.02.23"]
[Round "1.6"]
[White "Bogdanovski,V"]
[Black "Avramidou,Anastasia"]
[Result "0-1"]
[WhiteElo "2396"]
[BlackElo "2269"]

1.Nf3 Nf6 2.d4 d6 3.c4 Nbd7 4.Nc3 e5 5.e4 Be7 6.Be2 O-O 7.O-O c6 8.Be3 Qe8
9.Qc2 a6 10.d5 cxd5 11.cxd5 Ng4 12.Bd2 f5 13.h3 fxe4 14.Nxe4 Ngf6 15.Neg5 e4
16.Nd4 Nc5 17.f3 h6 18.Nge6 Bxe6 19.dxe6 Bd8 20.fxe4 Bb6 21.Be3 Kh8 22.Bc4 Rc8
23.Nf5 Na4 24.Bxb6 Nxb6 25.Nxd6 Qc6 26.Nxc8 Rxc8 27.b3 Nxc4 28.bxc4 Nxe4
29.Rf4 Ng5 30.Re1 Nxe6 31.Rfe4 Ng5 32.Re7 b5 33.h4 Nh7 34.Qe4 {#R} 0-1

[Event "3rd Vardaris Open 2017"]
[Site "masterchessopen.com Thessaloniki GRE"]
[Date "2017.02.23"]
[Round "1.8"]
[White "Frendzas,P"]
[Black "Kesidis,O"]
[Result "1-0"]
[WhiteElo "2340"]
[BlackElo "2209"]

1.Nf3 Nf6 2.g3 d5 3.Bg2 c6 4.O-O Bg4 5.b3 Nbd7 6.Bb2 e6 7.c4 Be7 8.d3 O-O
9.Nbd2 Re8 10.h3 Bh5 11.Qc2 Bf8 12.Rfe1 e5 13.Nh4 a5 14.a3 b5 15.g4 Bg6
16.Nxg6 hxg6 17.e3 bxc4 18.bxc4 Rb8 19.Bc3 Nc5 20.d4 exd4 21.Bxd4 Nfe4 22.Nxe4
Nxe4 23.cxd5 cxd5 24.Rec1 Qh4 25.Bxe4 dxe4 26.Kg2 f5 27.Qc4+ Kh7 28.Qc7 a4
29.Qg3 Qxg3+ 30.Kxg3 Bd6+ 31.Kg2 Rb3 32.Rc6 Bxa3 33.Rc7 Ra8 34.Rxg7+ Kh6
35.Bf6 Rh8 36.Rf7 Bb2 37.Bxh8 Bxh8 38.Rxa4 Rb5 39.gxf5 gxf5 40.Ra6+ Kg5 41.Rh7
Bf6 42.h4+ Kg6 43.Rc7 Rb8 44.Rcc6 Rf8 45.Kg3 Kg7 46.Rxf6 {#r} 1-0

[Event "3rd Vardaris Open 2017"]
[Site "masterchessopen.com Thessaloniki GRE"]
[Date "2017.02.23"]
[Round "1.9"]
[White "Kondou,E"]
[Black "Maksimovic,Br"]
[Result "0-1"]
[WhiteElo "2168"]
[BlackElo "2340"]

1.c4 e5 2.Nc3 Nf6 3.g3 Bb4 4.Bg2 O-O 5.Nf3 Re8 6.O-O e4 7.Nd4 Nc6 8.Nxc6 dxc6
9.Qb3 a5 10.a3 Bc5 11.Qc2 Bf5 12.e3 Qd7 13.Ne2 a4 14.Rb1 h5 15.b4 axb3 16.Rxb3
b6 17.Bb2 Nh7 18.Qc3 f6 19.f3 Ng5 20.Nd4 Bh3 21.fxe4 Bxg2 22.Kxg2 Qh3+ 23.Kg1
h4 24.d3 hxg3 25.Qd2 gxh2+ 26.Qxh2 Qxe3+ {#R} 0-1

[Event "3rd Vardaris Open 2017"]
[Site "masterchessopen.com Thessaloniki GRE"]
[Date "2017.02.23"]
[Round "1.10"]
[White "Soilemetzidis,K"]
[Black "Papakonstantinou,S"]
[Result "0-1"]
[WhiteElo "2025"]
[BlackElo "2168"]

1.e4 c5 2.Nf3 Nc6 3.b4 cxb4 4.d4 d5 5.exd5 Qxd5 6.c4 Qe4+ 7.Be3 Bf5 8.d5 Ne5
9.Nxe5 Qxe5 10.Nd2 Bg4 11.Qa4+ Bd7 12.Qd1 g6 13.Rb1 Bh6 14.Nf3 Qc3+ 15.Bd2
Bxd2+ 16.Qxd2 Qxd2+ 17.Nxd2 a5 18.Bd3 Nf6 19.O-O O-O 20.a3 e6 21.dxe6 Bxe6
22.axb4 Rfd8 23.Rb3 b5 24.Rc1 axb4 25.Ne4 Nxe4 26.Bxe4 Ra4 27.Bc6 bxc4 28.Bxa4
cxb3 29.h3 Ra8 30.Bb5 b2 {#R} 0-1

[Event "3rd Vardaris Open 2017"]
[Site "masterchessopen.com Thessaloniki GRE"]
[Date "2017.02.23"]
[Round "1.12"]
[White "Ladopoulos,D"]
[Black "Alexakis,Georgios"]
[Result "1-0"]
[WhiteElo "2075"]
[BlackElo "2119"]

1.e4 c5 2.Nf3 Nc6 3.d4 cxd4 4.Nxd4 Nf6 5.Nc3 d6 6.Bc4 e6 7.Be3 Be7 8.Qe2 a6
9.O-O-O Qc7 10.Rhg1 Na5 11.Bd3 b5 12.g4 b4 13.Nb1 d5 14.Nd2 Bb7 15.f3 dxe4
16.fxe4 Nd7 17.g5 Nc5 18.Kb1 Bd6 19.h4 Be5 20.Rg4 Rd8 21.N2f3 Bd6 22.h5 g6
23.Nb3 Naxb3 24.axb3 gxh5 25.Rh4 Bg3 26.Bxc5 Qxc5 27.Rxh5 Bf4 28.Rdh1 Rd7
29.g6 Qf8 30.Rxh7 Rg8 31.gxf7+ Rxf7 32.Bxa6 {#r} 1-0

[Event "Kragero Resort Chess 2017"]
[Site "masterchessopen.com Kragero NOR"]
[Date "2017.02.23"]
[Round "2.3"]
[White "Lie,K"]
[Black "Holm,Kristian Stuvik"]
[Result "1-0"]
[WhiteElo "2525"]
[BlackElo "2398"]

1.c4 e6 2.Nc3 c5 3.Nf3 Nc6 4.e3 Nf6 5.b3 d5 6.cxd5 exd5 7.Bb5 Bd6 8.Bb2 O-O
9.d4 Bg4 10.dxc5 Bxc5 11.O-O a6 12.Bxc6 bxc6 13.Rc1 Qd6 14.Ne2 Bxf3 15.gxf3
Nd7 16.Ng3 g6 17.Qc2 Rfc8 18.Qc3 f6 19.Rfd1 Qe6 20.f4 a5 21.Qd3 Be7 22.f5 Qf7
23.fxg6 hxg6 24.e4 Nb6 25.Qe3 Rab8 26.e5 c5 27.exf6 Bf8 28.Be5 Re8 29.Qg5 Rbd8
30.Bc7 {#r} 1-0

[Event "Kragero Resort Chess 2017"]
[Site "masterchessopen.com Kragero NOR"]
[Date "2017.02.23"]
[Round "2.7"]
[White "Solberg,J"]
[Black "Dahl,Trygve"]
[Result "1-0"]
[WhiteElo "2256"]
[BlackElo "2209"]

1.e4 g6 2.d4 Bg7 3.Nf3 d6 4.Nc3 a6 5.a4 Nc6 6.Bc4 Nf6 7.h3 O-O 8.Be3 b6 9.O-O
Bb7 10.d5 Nb8 11.Qd2 c6 12.Bh6 b5 13.Bxg7 Kxg7 14.dxc6 Nxc6 15.axb5 axb5
16.Bxb5 Qb6 17.Bd3 Rfc8 18.Rab1 Nb4 19.Rfe1 Nd7 20.Nd5 Nxd5 21.exd5 Bxd5
22.Rxe7 Nf6 23.Re3 Ba2 24.Rbe1 Qxb2 25.Re7 Bd5 26.Qf4 Qb6 27.Nd4 Qb2 28.c4 Ra4
29.Nf5+ gxf5 30.Qg5+ Kh8 31.cxd5 Ra1 32.Qxf5 Rxe1+ 33.Rxe1 Rc1 34.Rxc1 Qxc1+
35.Kh2 Kg7 36.g4 h6 37.Be4 Qc3 38.Bg2 Qd4 39.f4 Nh7 40.Qe4 Qf2 41.Qf3 Qd4
42.h4 Nf8 43.Kg3 Qd2 44.Qe4 Ng6 45.h5 Nf8 46.Qe7 Qc3+ 47.Bf3 Qc5 48.g5 Nh7
49.g6 {#r} 1-0

[Event "Kragero Resort Chess 2017"]
[Site "masterchessopen.com Kragero NOR"]
[Date "2017.02.23"]
[Round "3.1"]
[White "Kaasen,Tor Fredrik"]
[Black "Solberg,J"]
[Result "1-0"]
[WhiteElo "2468"]
[BlackElo "2256"]

1.d4 d5 2.c4 e6 3.Nf3 c5 4.cxd5 exd5 5.g3 Nf6 6.Bg2 Nc6 7.O-O c4 8.Nc3 Be7
9.Ne5 O-O 10.e4 dxe4 11.Nxc6 bxc6 12.Nxe4 Qb6 13.Qe2 Ba6 14.Rd1 Rad8 15.Qc2
Rxd4 16.Rxd4 Qxd4 17.Be3 Qd3 18.Qa4 Bb5 19.Qxa7 Nd5 20.a4 c3 21.Nxc3 Nxe3
22.axb5 Bg5 23.bxc6 Nxg2 24.Kxg2 Bf6 25.Qd7 {#r} 1-0